Química orgánica; quinto año bachillerato /

Guardado en:
Autor Principal: Mansilla Romo, Serafín
Otros Autores: Pere, Miguel Angel
Formato: Libro
Publicado: Buenos Aires : Stella, 1979
Edición:2a. ed.
Materias:
Etiquetas: Agregar Etiqueta
Sin Etiquetas, Sea el primero en etiquetar este registro!
LEADER 00876nam a22002415a 4500
001 CEM.cems004114
005 20060216000000.0
008 130507s1979##################000#0#####d
003 CEMS
082 0 4 |a 547 
100 1 |a Mansilla Romo, Serafín 
245 1 0 |a Química orgánica; quinto año bachillerato / 
250 |a 2a. ed. 
260 |a Buenos Aires :  |b Stella,  |c 1979 
300 |a 367 p. 
505 0 |a Las grandes etapas del desarrollo petroquimico. Fabricaciónes petroquímicas. Condiciónes y aspectos principales del desarrollo de la petroquímica. Distribución geografica de la petroquímica en el mundo. La petroquímica en Francia 
653 |a Alcaloides 
653 |a Hormonas sexuales 
653 |a Química 
653 |a Química organica 
653 |a Vitaminas 
700 1 |a Pere, Miguel Angel 
859 |a CEMS  |b BIB. CEMS - 11 de abril  |h 547  |i M311a2  |p 7857.80  |t Ej.1